书目信息 |
| 题名: |
广告实务写作
|
|
| 作者: | 杨少平 编著 | |
| 分册: | ||
| 出版信息: | 杭州 浙江大学出版社 2007.08 |
|
| 页数: | 157页 | |
| 开本: | 23cm | |
| 丛书名: | ||
| 单 册: | ||
| 中图分类: | F713.8 | |
| 科图分类: | ||
| 主题词: | 广告--guang gao--写作 | |
| 电子资源: | ||
| ISBN: | 978-7-308-05456-0 | |
| 000 | 00755nam0 2200229 450 | |
| 001 | 012008083779 | |
| 005 | 20080611162545.67 | |
| 010 | @a978-7-308-05456-0@dCNY20.00 | |
| 100 | @a20080611d2007 em y0chiy0120 ea | |
| 101 | 0 | @achi |
| 102 | @aCN@b330000 | |
| 105 | @ay z 000yy | |
| 106 | @ar | |
| 200 | 1 | @a广告实务写作@Aguang gao shi wu xie zuo@f杨少平编著@Fyang shao ping bian zhu |
| 210 | @a杭州@c浙江大学出版社@d2007.08 | |
| 215 | @a157页@d23cm | |
| 330 | @a本书共分13章,主要内容包括广告实务写作概论,广告调查报告写作,广告策划写作,广告设计书写作,广告创意方案写作等。 | |
| 606 | 0 | @a广告@Aguang gao@x写作 |
| 690 | @aF713.8@v4 | |
| 701 | 0 | @a杨少平@Ayang shao ping@4编著 |
| 801 | 0 | @aCN@bQSSK@c20080611 |
| 905 | @b726067-69@dF713.8@eY264@f3 | |
| 广告实务写作/杨少平编著.-杭州:浙江大学出版社,2007.08 |
| 157页;23cm |
| ISBN 978-7-308-05456-0:CNY20.00 |
| 本书共分13章,主要内容包括广告实务写作概论,广告调查报告写作,广告策划写作,广告设计书写作,广告创意方案写作等。 |
| ● |
| 相关链接 |
|
|
|
正题名:广告实务写作
索取号:F713.8/Y264
 
预约/预借
| 序号 | 登录号 | 条形码 | 馆藏地/架位号 | 状态 | 备注 |
| 1 | 726067 | 207260676 | 社科库409/409社科库 44排5列4层/ [索取号:F713.8/Y264] | 在馆 | |
| 2 | 726068 | 207260685 | 社科库409/409社科库 44排5列4层/ [索取号:F713.8/Y264] | 在馆 | |
| 3 | 726069 | 207260694 | 社科库409/409社科库 44排5列4层/ [索取号:F713.8/Y264] | 在馆 |